<?xml version="1.0" encoding="UTF-8"?><?xml-stylesheet type="text/xsl" href="static/style.xsl"?><OAI-PMH xmlns="http://www.openarchives.org/OAI/2.0/" xmlns:xsi="http://www.w3.org/2001/XMLSchema-instance" xsi:schemaLocation="http://www.openarchives.org/OAI/2.0/ http://www.openarchives.org/OAI/2.0/OAI-PMH.xsd"><responseDate>2026-04-14T02:21:50Z</responseDate><request verb="GetRecord" identifier="oai:www.recercat.cat:2445/223814" metadataPrefix="marc">https://recercat.cat/oai/request</request><GetRecord><record><header><identifier>oai:recercat.cat:2445/223814</identifier><datestamp>2025-12-23T22:39:43Z</datestamp><setSpec>com_2072_1057</setSpec><setSpec>col_2072_478917</setSpec><setSpec>col_2072_478920</setSpec></header><metadata><record xmlns="http://www.loc.gov/MARC21/slim" xmlns:dcterms="http://purl.org/dc/terms/" xmlns:xsi="http://www.w3.org/2001/XMLSchema-instance" xmlns:doc="http://www.lyncode.com/xoai" xsi:schemaLocation="http://www.loc.gov/MARC21/slim http://www.loc.gov/standards/marcxml/schema/MARC21slim.xsd">
   <leader>00925njm 22002777a 4500</leader>
   <datafield ind2=" " ind1=" " tag="042">
      <subfield code="a">dc</subfield>
   </datafield>
   <datafield ind2=" " ind1=" " tag="720">
      <subfield code="a">López Sánchez, Maite</subfield>
      <subfield code="e">author</subfield>
   </datafield>
   <datafield ind2=" " ind1=" " tag="720">
      <subfield code="a">Escobar, Patricio</subfield>
      <subfield code="e">author</subfield>
   </datafield>
   <datafield ind2=" " ind1=" " tag="720">
      <subfield code="a">Serramià Amorós, Marc</subfield>
      <subfield code="e">author</subfield>
   </datafield>
   <datafield ind2=" " ind1=" " tag="720">
      <subfield code="a">Rodríguez-Aguilar, Juan A. (Juan Antonio)</subfield>
      <subfield code="e">author</subfield>
   </datafield>
   <datafield ind2=" " ind1=" " tag="260">
      <subfield code="c">2025-10-22T08:57:52Z</subfield>
   </datafield>
   <datafield ind2=" " ind1=" " tag="260">
      <subfield code="c">2025-10-22T08:57:52Z</subfield>
   </datafield>
   <datafield ind2=" " ind1=" " tag="260">
      <subfield code="c">2019-10-23</subfield>
   </datafield>
   <datafield ind2=" " ind1=" " tag="260">
      <subfield code="c">2025-10-22T08:55:27Z</subfield>
   </datafield>
   <datafield ind2=" " ind1=" " tag="520">
      <subfield code="a">Un dels aspectes més preocupants de la societat contemporània és l’aparent deteriorament del model democràtic (Kane, J. 2009). Una explicació d’aquest fenomen és que el model majoritàriament adoptat és el de la democràcia representativa, on les decisions les prenen polítics electes (Fernández-Martínez, J.L. et al. 2017). No obstant això, el model de democràcia representativa està en crisi. L’evidència d’això és la progressiva desafecció política de la ciutadania i la pèrdua de confiança en les institucions que el sostenen, i l’abstenció o la baixa participació en són alguna de les manifestacions. Així, la legitimitat de l’estament polític es troba seriosament minvada davant els ulls de la societat. Això, i el context socio-històric en què la participació en política s’ha realitzat tradicionalment a través del vot a unes eleccions, provoca en última instància una crisi en la participació. De fet, abans que la ciutadania decideixi no concórrer a expressar la seva opinió respecte a diferents alternatives electorals o ni tan sols se senti convocada a prendre aquest tipus de decisió, en bona part ja ha abandonat la discussió política i ha perdut l’interès a participar dels assumptes públics (Castells, M. 2009; Crouch, C. 2004). La percepció de llunyania que les persones adverteixen provoca una sensació d’irrellevància de la política com a afer social. 

Tanmateix, estudis recents d’opinió mostren que, tot i que la majoria de la ciutadania considera que les decisions són preses només per polítics electes, es prefereixen processos de presa de decisions que impliquin tant els polítics com la ciutadania (Font et al. 2015). Amb aquest esperit apareixen diferents esforços de desenvolupament de noves eines de participació ciutadana basades en les tecnologies de la informació i la comunicació (TIC) que suscitin l’interès de la ciutadania en els temes públics i la política.</subfield>
   </datafield>
   <datafield tag="653" ind2=" " ind1=" ">
      <subfield code="a">Participació ciutadana</subfield>
   </datafield>
   <datafield tag="653" ind2=" " ind1=" ">
      <subfield code="a">Democràcia deliberativa</subfield>
   </datafield>
   <datafield tag="653" ind2=" " ind1=" ">
      <subfield code="a">Intel·ligència artificial</subfield>
   </datafield>
   <datafield tag="653" ind2=" " ind1=" ">
      <subfield code="a">Citizen participation</subfield>
   </datafield>
   <datafield tag="653" ind2=" " ind1=" ">
      <subfield code="a">Deliberative democracy</subfield>
   </datafield>
   <datafield tag="653" ind2=" " ind1=" ">
      <subfield code="a">Artificial intelligence</subfield>
   </datafield>
   <datafield ind2="0" ind1="0" tag="245">
      <subfield code="a">Democràcia, participació ciutadana i IA</subfield>
   </datafield>
</record></metadata></record></GetRecord></OAI-PMH>